[Event "Baku op-A"]
[Site "Baku"]
[Date "2011.08.13"]
[Round "8"]
[White "Dovliatov, Sanan"]
[Black "Smirin, Ilia"]
[Result "1/2-1/2"]
[WhiteElo "2411"]
[BlackElo "2676"]
[PlyCount "61"]
[EventDate "2011.08.06"]
[EventType "swiss"]
[EventRounds "9"]
[EventCountry "AZE"]
[SourceTitle "CBM 143 Extra"]
[Source "ChessBase"]
[SourceDate "2011.08.29"]
[SourceVersion "1"]
[SourceVersionDate "2011.08.29"]
[SourceQuality "1"]

1. e4 c5 2. Nf3 e6 3. d4 cxd4 4. Nxd4 a6 5. Bd3 Bc5 6. Nb3 Be7 7. Qg4 g6 8. Qe2 d6 9. 0-0 Qc7 10. Na3 Nc6 11. Be3 Rb8 12. f4 Nf6 13. c4 0-0 14. Rac1 b6 15. Nb5 Qd8 16. Nc3 Bb7 17. Bb1 Nd7 18. Rfd1 Rc8 19. Kh1 Ba8 20. Rd2 Qc7 21. Qf2 Rfe8 22. Rcd1 Rcd8 23. Rf1 Bf6 24. h3 Bg7 25. Rdd1 Nc5 26. f5 exf5 27. Nd5 Qa7 28. exf5 Ne5 29. Bg5 Bxd5 30. cxd5 Rc8 31. Nd4 1/2-1/2

[Event "Baku op-A"]
[Site "Baku"]
[Date "2011.08.08"]
[Round "3"]
[White "Dominguez Perez, Leinier"]
[Black "Dovliatov, Sanan"]
[Result "1-0"]
[WhiteElo "2719"]
[BlackElo "2411"]
[PlyCount "93"]
[EventDate "2011.08.06"]
[EventType "swiss"]
[EventRounds "9"]
[EventCountry "AZE"]
[SourceTitle "CBM 143 Extra"]
[Source "ChessBase"]
[SourceDate "2011.08.29"]
[SourceVersion "1"]
[SourceVersionDate "2011.08.29"]
[SourceQuality "1"]

1. e4 e5 2. Nf3 Nc6 3. Bb5 Nf6 4. 0-0 Nxe4 5. d4 Nd6 6. Bxc6 dxc6 7. dxe5 Nf5 8. Qxd8+ Kxd8 9. Rd1+ Ke8 10. Nc3 h6 11. h3 a5 12. Bf4 Be6 13. g4 Ne7 14. Nd4 Nd5 15. Nce2 Bc5 16. Bg3 a4 17. c4 Nb6 18. b3 Rd8 19. f4 g6 20. Kg2 Bc8 21. Bh4 Be7 22. Bxe7 Kxe7 23. Nc3 h5 24. Kg3 hxg4 25. hxg4 Rh7 26. Ne4 Rdh8 27. Nf2 Nd7 28. Rh1 Nc5 29. Rxh7 Rxh7 30. f5 gxf5 31. gxf5 Rh5 32. Kf4 Rh2 33. Ke3 Nd7 34. Nd3 a3 35. Nf3 Rh5 36. f6+ Ke8 37. Rg1 Rh8 38. Rg2 Nf8 39. Nf4 Ne6 40. Nxe6 Bxe6 41. Ng5 Bf5 42. Kf4 Bd7 43. Nf3 c5 44. Rg7 b5 45. Ng5 bxc4 46. bxc4 Rf8 47. e6 1-0

[Event "Baku President's Cup 3rd"]
[Site "Baku"]
[Date "2008.05.12"]
[Round "7"]
[White "Dovliatov, Sanan"]
[Black "Huseyn, Orkhan Samir Oglu"]
[Result "1-0"]
[WhiteElo "2438"]
[BlackElo "2077"]
[PlyCount "67"]
[EventDate "2008.05.12"]
[EventType "swiss"]
[EventRounds "9"]
[EventCountry "AZE"]
[SourceTitle "CBM 124 Extra"]
[Source "ChessBase"]
[SourceDate "2008.07.03"]
[SourceVersion "1"]
[SourceVersionDate "2008.07.03"]
[SourceQuality "1"]

1. e4 c6 2. d4 d5 3. Nd2 dxe4 4. Nxe4 Nf6 5. Nxf6+ gxf6 6. c3 Bf5 7. Nf3 Nd7 8. g3 Nb6 9. Bg2 Qd7 10. 0-0 Bh3 11. Bxh3 Qxh3 12. a4 Qh5 13. a5 Nc4 14. Kg2 Nd6 15. Bf4 Rd8 16. Qb3 Qd5 17. Qc2 Nf5 18. Qd3 Bh6 19. c4 Qd7 20. Bxh6 Nxh6 21. Rfe1 0-0 22. Re4 Kh8 23. Rh4 Nf5 24. Rh5 e6 25. g4 Rg8 26. Kh3 Rxg4 27. Kxg4 Rg8+ 28. Kh3 Nh6 29. Nh4 e5+ 30. Nf5 Rg5 31. Rxh6 Kg8 32. Rxf6 Kh8 33. Qe4 exd4 34. Re1 1-0

[Event "Baku President's Cup 3rd"]
[Site "Baku"]
[Date "2008.05.12"]
[Round "5"]
[White "Dovliatov, Sanan"]
[Black "Kortschnoj, Viktor Lvovich"]
[Result "0-1"]
[WhiteElo "2438"]
[BlackElo "2598"]
[PlyCount "74"]
[EventDate "2008.05.12"]
[EventType "swiss"]
[EventRounds "9"]
[EventCountry "AZE"]
[SourceTitle "CBM 124 Extra"]
[Source "ChessBase"]
[SourceDate "2008.07.03"]
[SourceVersion "1"]
[SourceVersionDate "2008.07.03"]
[SourceQuality "1"]

1. e4 e5 2. Nf3 Nc6 3. Bb5 a6 4. Ba4 Nf6 5. d3 b5 6. Bb3 Be7 7. Nbd2 d5 8. c3 0-0 9. Qe2 Be6 10. 0-0 h6 11. Rd1 Re8 12. Nf1 Bd6 13. Ng3 Qc8 14. h3 Ne7 15. Nh4 c5 16. Qf3 c4 17. Bc2 dxe4 18. dxe4 Bc5 19. Be3 Bxe3 20. Qxe3 Qc7 21. a4 Reb8 22. a5 Ng6 23. Nhf5 Nf4 24. Ne2 Bxf5 25. exf5 N4d5 26. Qf3 Rd8 27. Ng3 Rab8 28. Be4 Nf4 29. Rxd8+ Rxd8 30. Nf1 Nxe4 31. Qxe4 f6 32. Ne3 Kh7 33. Rd1 Rxd1+ 34. Nxd1 Qxa5 35. g3 Qa1 36. gxf4 Qxd1+ 37. Kh2 Qd3 0-1

[Event "Baku President's Cup 3rd"]
[Site "Baku"]
[Date "2008.05.12"]
[Round "3"]
[White "Dovliatov, Sanan"]
[Black "Malakhatko, Vadim"]
[Result "1/2-1/2"]
[WhiteElo "2438"]
[BlackElo "2621"]
[PlyCount "70"]
[EventDate "2008.05.12"]
[EventType "swiss"]
[EventRounds "9"]
[EventCountry "AZE"]
[SourceTitle "CBM 124 Extra"]
[Source "ChessBase"]
[SourceDate "2008.07.03"]
[SourceVersion "1"]
[SourceVersionDate "2008.07.03"]
[SourceQuality "1"]

1. e4 e6 2. d4 d5 3. Nd2 c5 4. Ngf3 cxd4 5. exd5 Qxd5 6. Bc4 Qd6 7. Qe2 Nf6 8. Nb3 Nc6 9. Bg5 a6 10. 0-0-0 b5 11. Bd3 Be7 12. Kb1 Bb7 13. Nbxd4 Nxd4 14. Nxd4 Bd5 15. Rhe1 Bxa2+ 16. Kxa2 Qxd4 17. Kb1 Qc5 18. f4 h6 19. Bh4 Qh5 20. Bxf6 Qxe2 21. Rxe2 Bxf6 22. f5 e5 23. Be4 Rd8 24. Red2 Rd4 25. Bb7 Kd7 26. c3 Rxd2 27. Rxd2+ Kc7 28. Bxa6 Rb8 29. c4 bxc4 30. Bxc4 e4 31. Bxf7 e3 32. Re2 Bd4 33. Kc2 Kd6 34. Kd3 Ke5 35. Rc2 Rxb2 1/2-1/2

[Event "Baku President's Cup 3rd"]
[Site "Baku"]
[Date "2008.05.12"]
[Round "4"]
[White "Mamedov, Rauf"]
[Black "Dovliatov, Sanan"]
[Result "1/2-1/2"]
[WhiteElo "2617"]
[BlackElo "2438"]
[PlyCount "84"]
[EventDate "2008.05.12"]
[EventType "swiss"]
[EventRounds "9"]
[EventCountry "AZE"]
[SourceTitle "CBM 124 Extra"]
[Source "ChessBase"]
[SourceDate "2008.07.03"]
[SourceVersion "1"]
[SourceVersionDate "2008.07.03"]
[SourceQuality "1"]

1. e4 e5 2. Nf3 Nc6 3. d4 exd4 4. Nxd4 Bc5 5. Nb3 Bb6 6. Nc3 Nge7 7. Bg5 f6 8. Bf4 0-0 9. Qd2 d6 10. 0-0-0 Kh8 11. f3 a5 12. Na4 Ba7 13. Kb1 Ng6 14. Bg3 f5 15. h4 fxe4 16. fxe4 Nge5 17. Bb5 Be6 18. Qc3 Qe7 19. Rhf1 Rfd8 20. a3 Bg8 21. h5 h6 22. Bf4 Kh7 23. Qg3 Bxb3 24. cxb3 Nd4 25. Nc3 c6 26. Be2 Rf8 27. Bg4 Kh8 28. Be3 Rxf1 29. Rxf1 Rf8 30. Rd1 Nxg4 31. Qxg4 Qe5 32. g3 Bc5 33. Bxd4 Bxd4 34. Ne2 Be3 35. Rd3 Bg5 36. Nc3 b5 37. Rf3 Bf6 38. Rf5 Qd4 39. Qf3 Re8 40. e5 Rxe5 41. Rxe5 Bxe5 42. Qxc6 b4 1/2-1/2

[Event "Baku President's Cup 2nd"]
[Site "Baku"]
[Date "2007.05.11"]
[Round "9"]
[White "Zinchenko, Yaroslav"]
[Black "Dovliatov, Sanan"]
[Result "0-1"]
[WhiteElo "2513"]
[BlackElo "2438"]
[PlyCount "76"]
[EventDate "2007.05.03"]
[EventType "swiss"]
[EventRounds "9"]
[EventCountry "AZE"]
[SourceTitle "CBM 118 Extra"]
[Source "ChessBase"]
[SourceDate "2007.07.04"]
[SourceVersion "1"]
[SourceVersionDate "2007.07.04"]
[SourceQuality "1"]

1. e4 e5 2. Nf3 Nc6 3. Bb5 a6 4. Ba4 d6 5. c3 Bd7 6. d4 Nge7 7. 0-0 Ng6 8. Nbd2 Be7 9. Re1 h6 10. Nf1 Bg5 11. Ne3 Bxe3 12. Bxe3 Qf6 13. d5 Nb8 14. c4 0-0 15. c5 Nf4 16. Bxf4 Qxf4 17. Rc1 f5 18. c6 fxe4 19. cxd7 exf3 20. g3 Qg4 21. Rxc7 b5 22. d8Q Rxd8 23. Bc2 Nd7 24. Qd3 Nf6 25. h3 Qxh3 26. Qxf3 Rf8 27. Bf5 Ne8 28. Bxh3 Rxf3 29. Be6+ Kh7 30. Rb7 h5 31. Kg2 Rf6 32. Rc1 Kh6 33. Re7 g6 34. Rc8 Rxe6 35. Rxa8 Rxe7 36. Rxa6 Rc7 37. b4 Rc4 38. a3 Rd4 0-1

[Event "Baku President's Cup 1st"]
[Site "Baku"]
[Date "2006.05.12"]
[Round "9"]
[White "Dovliatov, Sanan"]
[Black "Ibrahimov, Rasul"]
[Result "0-1"]
[WhiteElo "2429"]
[BlackElo "2532"]
[PlyCount "74"]
[EventDate "2006.05.03"]
[EventType "swiss"]
[EventRounds "9"]
[EventCountry "AZE"]
[SourceTitle "CBM 112 Extra"]
[Source "ChessBase"]
[SourceDate "2006.07.14"]
[SourceVersion "1"]
[SourceVersionDate "2006.07.14"]
[SourceQuality "1"]

1. e4 c5 2. Nf3 d6 3. c3 Nf6 4. Bd3 Bg4 5. Bc2 e6 6. 0-0 Nc6 7. d3 d5 8. Nbd2 Be7 9. h3 Bh5 10. Qe2 0-0 11. Rd1 Qc7 12. Nf1 Bd6 13. g4 Bg6 14. Re1 c4 15. exd5 cxd3 16. Bxd3 Nxd5 17. Bxg6 hxg6 18. c4 Nf4 19. Bxf4 Bxf4 20. Rad1 Rfd8 21. b3 Qa5 22. Kg2 g5 23. Qe4 Qxa2 24. h4 Qxb3 25. Rb1 Qd3 26. hxg5 Qxe4 27. Rxe4 Bd6 28. g6 Rd7 29. gxf7+ Kxf7 30. Ng5+ Kf6 31. Rxe6+ Kxg5 32. Rb5+ Be5 33. Ng3 Kf4 34. Rg6 Nd4 35. Rb1 Nf3 36. Nh5+ Ke4 37. Re6 Rf8 0-1

[Event "Baku President's Cup 1st"]
[Site "Baku"]
[Date "2006.05.08"]
[Round "5"]
[White "Dovliatov, Sanan"]
[Black "Mamedyarov, Shakhriyar"]
[Result "0-1"]
[WhiteElo "2429"]
[BlackElo "2699"]
[PlyCount "70"]
[EventDate "2006.05.03"]
[EventType "swiss"]
[EventRounds "9"]
[EventCountry "AZE"]
[SourceTitle "CBM 112 Extra"]
[Source "ChessBase"]
[SourceDate "2006.07.14"]
[SourceVersion "1"]
[SourceVersionDate "2006.07.14"]
[SourceQuality "1"]

1. e4 Nf6 2. e5 Nd5 3. g3 d6 4. exd6 Qxd6 5. Bg2 Nc6 6. Nc3 Nxc3 7. bxc3 g6 8. Nf3 Bg7 9. 0-0 0-0 10. d4 e5 11. dxe5 Qc5 12. Rb1 Qxc3 13. Bf4 Rd8 14. Qc1 b6 15. Re1 Be6 16. Bh6 Bxa2 17. Bxg7 Kxg7 18. Ra1 Bd5 19. Qg5 Bxf3 20. Qf6+ Kg8 21. Bxf3 Nd4 22. Bxa8 Rxa8 23. Red1 a5 24. Ra4 c5 25. Qxb6 Qxc2 26. Rda1 Re8 27. h4 Nf3+ 28. Kg2 Nxe5 29. R1a2 Qd3 30. Qb7 Nc4 31. Qc6 Re1 32. Rxc4 Qxc4 33. Rb2 Kg7 34. Kh2 a4 35. Qf3 Qe4 0-1

[Event "Baku op-A"]
[Site "Baku"]
[Date "2005.10.28"]
[Round "5"]
[White "Dovliatov, Sanan"]
[Black "Gagunashvili, Merab"]
[Result "1/2-1/2"]
[WhiteElo "2415"]
[BlackElo "2540"]
[PlyCount "56"]
[EventDate "2005.10.24"]
[EventType "swiss"]
[EventRounds "9"]
[EventCountry "AZE"]
[SourceTitle "EXT 2006"]
[Source "ChessBase"]
[SourceDate "2005.11.24"]
[SourceVersion "1"]
[SourceVersionDate "2005.11.24"]
[SourceQuality "1"]

1. e4 c5 2. Nf3 e6 3. d4 cxd4 4. Nxd4 a6 5. Be2 Nf6 6. Nc3 Qc7 7. 0-0 Bb4 8. Bd3 0-0 9. Bg5 Be7 10. Kh1 d6 11. f4 h6 12. Bh4 Nxe4 13. Nxe4 Bxh4 14. Qh5 Qe7 15. f5 exf5 16. Nxf5 Bxf5 17. Qxf5 g6 18. Qd5 Nd7 19. Qxb7 Nc5 20. Qd5 Qe6 21. Qd4 Be7 22. Nc3 Rab8 23. Nd5 Nd7 24. Qc4 Ne5 25. Qd4 Nc6 26. Qc4 Ne5 27. Qd4 Nc6 28. Qc4 Ne5 1/2-1/2

[Event "Baku op-A"]
[Site "Baku"]
[Date "2005.10.26"]
[Round "3"]
[White "Iuldachev, Saidali"]
[Black "Dovliatov, Sanan"]
[Result "1/2-1/2"]
[WhiteElo "2541"]
[BlackElo "2415"]
[PlyCount "53"]
[EventDate "2005.10.24"]
[EventType "swiss"]
[EventRounds "9"]
[EventCountry "AZE"]
[SourceTitle "EXT 2006"]
[Source "ChessBase"]
[SourceDate "2005.11.24"]
[SourceVersion "1"]
[SourceVersionDate "2005.11.24"]
[SourceQuality "1"]

1. e4 e5 2. Nf3 Nc6 3. Bc4 Bc5 4. c3 Nf6 5. d3 a6 6. Bb3 Ba7 7. h3 d6 8. Nbd2 0-0 9. Nf1 Ne7 10. Ng3 Be6 11. Nh4 Nd7 12. 0-0 Bxb3 13. axb3 Nc5 14. Kh1 d5 15. b4 Ne6 16. Qf3 d4 17. Nhf5 Kh8 18. c4 c6 19. Bd2 Ng6 20. Nh5 Rg8 21. Qg4 Bb8 22. g3 Bc7 23. h4 Ngf8 24. f4 Ng6 25. Rf2 b6 26. Raf1 a5 27. fxe5 1/2-1/2

[Event "Cherepovets Severstal 50"]
[Site "Cherepovets"]
[Date "2005.03.01"]
[Round "5"]
[White "Dovliatov, Sanan"]
[Black "Sargsjan, Vardges"]
[Result "1-0"]
[WhiteElo "2398"]
[BlackElo "2329"]
[PlyCount "99"]
[EventDate "2005.02.21"]
[EventType "tourn"]
[EventRounds "11"]
[EventCountry "RUS"]
[EventCategory "4"]
[SourceTitle "EXT 2006"]
[Source "ChessBase"]
[SourceDate "2005.11.24"]
[SourceVersion "1"]
[SourceVersionDate "2005.11.24"]
[SourceQuality "1"]

1. e4 e5 2. Nf3 Nc6 3. d4 exd4 4. Nxd4 Bc5 5. Nxc6 Qf6 6. Qd2 dxc6 7. Nc3 Be6 8. Bd3 0-0-0 9. 0-0 h5 10. Na4 Bd4 11. c3 Bb6 12. Nxb6+ axb6 13. Qe2 Nh6 14. f3 Qe5 15. Be3 f5 16. Bd4 Rxd4 17. cxd4 Qxd4+ 18. Kh1 f4 19. a4 Ng4 20. fxg4 hxg4 21. Qf2 Qxd3 22. Qxf4 Kb8 23. Kg1 Qd4+ 24. Rf2 g5 25. Qf6 Qxf6 26. Rxf6 Re8 27. Re1 b5 28. axb5 cxb5 29. Rg6 c5 30. Rxg5 Rc8 31. Rc1 b6 32. b4 cxb4 33. Rxc8+ Kxc8 34. Rxb5 b3 35. Rxb6 Kc7 36. Rb4 Kc6 37. Kf2 Kc5 38. Rb8 Kc4 39. Ke3 Kc3 40. Rb6 Bd7 41. e5 b2 42. e6 Ba4 43. e7 Kc2 44. Kf4 Bd7 45. h4 gxh3 46. gxh3 b1Q 47. Rxb1 Kxb1 48. h4 Be8 49. Kg5 Kc2 50. h5 1-0

[Event "Sharjah IM"]
[Site "Sharjah"]
[Date "2003.09.04"]
[Round "11"]
[White "Dovliatov, Sanan"]
[Black "Abdul, Majeed Mohamad"]
[Result "1-0"]
[WhiteElo "2390"]
[BlackElo "2245"]
[PlyCount "73"]
[EventDate "2003.08.27"]
[EventType "tourn"]
[EventRounds "11"]
[EventCountry "UAE"]
[EventCategory "4"]
[SourceTitle "EXT 2004"]
[Source "ChessBase"]
[SourceDate "2003.11.25"]
[SourceVersion "1"]
[SourceVersionDate "2003.11.25"]
[SourceQuality "1"]

1. e4 e6 2. d4 d5 3. exd5 exd5 4. Qf3 Nc6 5. Be3 Be6 6. Nc3 Qf6 7. Bb5 Qxf3 8. Nxf3 f6 9. 0-0-0 Bd6 10. Rhe1 Kf7 11. Ne2 a6 12. Ba4 b5 13. Bb3 Na5 14. Nf4 Nxb3+ 15. axb3 Re8 16. Kd2 Ne7 17. Nxe6 Kxe6 18. Ra1 Ra8 19. Bf4+ Kd7 20. Bxd6 Kxd6 21. Re2 Nc6 22. c3 a5 23. Ne1 Rhe8 24. Rxe8 Rxe8 25. Nd3 Ke7 26. Re1+ Kf7 27. Rxe8 Kxe8 28. Nf4 Nd8 29. Nxd5 Ne6 30. Ke3 c6 31. Nf4 Nc7 32. h4 g6 33. Ke4 Ke7 34. c4 g5 35. hxg5 fxg5 36. Nd3 Ne6 37. Ne5 1-0

[Event "Sharjah IM"]
[Site "Sharjah"]
[Date "2003.09.02"]
[Round "8"]
[White "Ali, Hassan"]
[Black "Dovliatov, Sanan"]
[Result "0-1"]
[WhiteElo "2097"]
[BlackElo "2390"]
[PlyCount "70"]
[EventDate "2003.08.27"]
[EventType "tourn"]
[EventRounds "11"]
[EventCountry "UAE"]
[EventCategory "4"]
[SourceTitle "EXT 2004"]
[Source "ChessBase"]
[SourceDate "2003.11.25"]
[SourceVersion "1"]
[SourceVersionDate "2003.11.25"]
[SourceQuality "1"]

1. e4 e5 2. Bc4 Nc6 3. Nc3 Nf6 4. d3 Na5 5. Nge2 c6 6. Bg5 Be7 7. 0-0 h6 8. Bxf6 Bxf6 9. Ng3 g6 10. a3 Nxc4 11. dxc4 d6 12. Qd3 Be6 13. b3 Qe7 14. Rfd1 Rd8 15. Nf1 0-0 16. Qe2 Bg5 17. Rd3 f5 18. f3 Qg7 19. Rad1 Be7 20. a4 f4 21. c5 dxc5 22. Rxd8 Rxd8 23. Rxd8+ Bxd8 24. Qd3 Bb6 25. Kh1 c4 26. Qd6 Qf7 27. b4 Bc7 28. Qc5 Qf8 29. Qxf8+ Kxf8 30. Nd2 Bd6 31. b5 cxb5 32. Nxb5 Bb4 33. c3 Ba5 34. Nd6 Bxc3 35. N2xc4 Bb4 0-1

[Event "Sharjah IM"]
[Site "Sharjah"]
[Date "2003.09.01"]
[Round "7"]
[White "Dovliatov, Sanan"]
[Black "Saeed, Majed"]
[Result "1-0"]
[WhiteElo "2390"]
[BlackElo "2060"]
[PlyCount "49"]
[EventDate "2003.08.27"]
[EventType "tourn"]
[EventRounds "11"]
[EventCountry "UAE"]
[EventCategory "4"]
[SourceTitle "EXT 2004"]
[Source "ChessBase"]
[SourceDate "2003.11.25"]
[SourceVersion "1"]
[SourceVersionDate "2003.11.25"]
[SourceQuality "1"]

1. e4 c6 2. d4 d5 3. Nd2 dxe4 4. Nxe4 Nf6 5. Nxf6+ gxf6 6. c3 Bf5 7. Nf3 Qc7 8. g3 e6 9. Bg2 Nd7 10. 0-0 0-0-0 11. b4 e5 12. Qa4 Kb8 13. dxe5 fxe5 14. Be3 b6 15. Rfd1 Be7 16. Rxd7 Bxd7 17. Nxe5 c5 18. b5 Bd6 19. Qe4 Kc8 20. Nxf7 Bxb5 21. Nxh8 Rxh8 22. Rd1 Rd8 23. a4 Ba6 24. Bg5 Rd7 25. Qa8+ 1-0

[Event "Friendship Cup AZE-IRI"]
[Site "Baku"]
[Date "2003.04.06"]
[Round "9"]
[White "Dovliatov, Sanan"]
[Black "Moradi, Behrooz"]
[Result "1-0"]
[WhiteElo "2394"]
[BlackElo "2216"]
[PlyCount "69"]
[EventDate "2003.03.29"]
[EventType "schev"]
[EventRounds "9"]
[EventCountry "AZE"]
[SourceTitle "CBM 093 Extra"]
[Source "ChessBase"]
[SourceDate "2003.05.09"]
[SourceVersion "1"]
[SourceVersionDate "2003.05.09"]
[SourceQuality "1"]

1. e4 c5 2. Nf3 Nc6 3. d4 cxd4 4. Nxd4 Nf6 5. Nc3 d6 6. Be2 e5 7. Nf3 Be7 8. Bg5 0-0 9. 0-0 Be6 10. Qd2 Ne8 11. Be3 g6 12. Bh6 Ng7 13. Nd5 Bxd5 14. Qxd5 Re8 15. Rfd1 Ne6 16. c3 Qc7 17. a4 Rad8 18. Bf1 Bf6 19. g3 Ne7 20. Qa2 Rc8 21. Bh3 Nc6 22. Qd5 Rcd8 23. a5 Ne7 24. Qa2 Nc5 25. Qc4 Qc6 26. Nd2 d5 27. exd5 Qxd5 28. Qxd5 Nxd5 29. Bg2 e4 30. b4 Nxc3 31. bxc5 Nxd1 32. Rxd1 Bc3 33. Be3 Bxa5 34. Kf1 f5 35. Ke2 1-0

[Event "Friendship Cup AZE-IRI"]
[Site "Baku"]
[Date "2003.04.02"]
[Round "5"]
[White "Dovliatov, Sanan"]
[Black "Abbasifar, Hasan"]
[Result "1/2-1/2"]
[WhiteElo "2394"]
[BlackElo "2284"]
[PlyCount "50"]
[EventDate "2003.03.29"]
[EventType "schev"]
[EventRounds "9"]
[EventCountry "AZE"]
[SourceTitle "CBM 093 Extra"]
[Source "ChessBase"]
[SourceDate "2003.05.09"]
[SourceVersion "1"]
[SourceVersionDate "2003.05.09"]
[SourceQuality "1"]

1. e4 e5 2. Nf3 Nc6 3. Bb5 a6 4. Ba4 Nf6 5. d3 Bc5 6. 0-0 d6 7. Bg5 h6 8. Be3 b5 9. Bb3 0-0 10. a4 b4 11. a5 Bg4 12. c3 Qe7 13. Nbd2 Rfd8 14. Bxc5 dxc5 15. Bc4 Be6 16. Qe2 Bxc4 17. Nxc4 Rab8 18. g3 Qe6 19. Rfe1 bxc3 20. bxc3 Rb3 21. Qc2 Rdb8 22. Kg2 g6 23. Nfd2 R3b5 24. Nf1 Kg7 25. Nfe3 Rd8 1/2-1/2

[Event "AZE-ch"]
[Site "Baku"]
[Date "2003.??.??"]
[Round "?"]
[White "Dovliatov, Sanan"]
[Black "Mamedov, Rauf"]
[Result "1/2-1/2"]
[WhiteElo "2379"]
[BlackElo "2468"]
[PlyCount "105"]
[EventDate "2003.??.??"]
[EventType "tourn"]
[EventRounds "15"]
[EventCountry "AZE"]
[SourceTitle "EXT 2005"]
[Source "ChessBase"]
[SourceDate "2004.11.15"]
[SourceVersion "1"]
[SourceVersionDate "2004.11.15"]
[SourceQuality "1"]

1. d4 Nf6 2. Nf3 g6 3. g3 Bg7 4. Bg2 0-0 5. 0-0 d6 6. Re1 Nbd7 7. e4 e5 8. Nc3 exd4 9. Nxd4 a6 10. h3 Re8 11. Bg5 h6 12. Be3 Kh7 13. f4 Rb8 14. Bf2 c5 15. Nb3 Qc7 16. a4 b6 17. Nd2 Bb7 18. Nc4 Re6 19. Qd3 Rbe8 20. Rad1 Bf8 21. Re2 Bc6 22. Ne3 Qb7 23. Ned5 Bxd5 24. exd5 Rxe2 25. Nxe2 b5 26. axb5 axb5 27. b4 cxb4 28. Nd4 Nc5 29. Qxb5 Qxb5 30. Nxb5 Nce4 31. Bxe4 Rxe4 32. Kg2 g5 33. Kf3 Rc4 34. fxg5 hxg5 35. Rd2 Kg6 36. g4 Rf4+ 37. Kg2 Ne4 38. Re2 Nxf2 39. Rxf2 Rc4 40. Rd2 Rc5 41. Na7 Bg7 42. Nc6 Bc3 43. Rd3 Be1 44. Kf1 Bc3 45. Ke2 f6 46. Re3 Kh6 47. Ne7 Be5 48. Kd1 Kg7 49. Rd3 Kf7 50. Nc6 Rc4 51. Rf3 Bc3 52. Re3 Be5 53. Rf3 1/2-1/2

[Event "AZE-ch"]
[Site "Baku"]
[Date "2003.??.??"]
[Round "?"]
[White "Dovliatov, Sanan"]
[Black "Safarli, Eltaj"]
[Result "1-0"]
[WhiteElo "2379"]
[BlackElo "2290"]
[PlyCount "43"]
[EventDate "2003.??.??"]
[EventType "tourn"]
[EventRounds "15"]
[EventCountry "AZE"]
[SourceTitle "EXT 2005"]
[Source "ChessBase"]
[SourceDate "2004.11.15"]
[SourceVersion "1"]
[SourceVersionDate "2004.11.15"]
[SourceQuality "1"]

1. e4 c5 2. Nf3 e6 3. d4 cxd4 4. Nxd4 Nf6 5. Nc3 d6 6. Be2 Be7 7. 0-0 a6 8. f4 Qc7 9. Kh1 0-0 10. Be3 b5 11. e5 dxe5 12. fxe5 Nfd7 13. Bf4 Bb7 14. Bd3 Nc6 15. Qh5 g6 16. Nxe6 Qc8 17. Qh6 fxe6 18. Bxg6 hxg6 19. Qxg6+ Kh8 20. Rf3 Bh4 21. Qh5+ Kg7 22. Qg4+ 1-0

[Event "AZE-ch"]
[Site "Baku"]
[Date "2003.??.??"]
[Round "?"]
[White "Safarli, Eltaj"]
[Black "Dovliatov, Sanan"]
[Result "1/2-1/2"]
[WhiteElo "2290"]
[BlackElo "2379"]
[PlyCount "116"]
[EventDate "2003.??.??"]
[EventType "tourn"]
[EventRounds "15"]
[EventCountry "AZE"]
[SourceTitle "EXT 2005"]
[Source "ChessBase"]
[SourceDate "2004.11.15"]
[SourceVersion "1"]
[SourceVersionDate "2004.11.15"]
[SourceQuality "1"]

1. e4 e5 2. Nf3 Nc6 3. Nc3 Nf6 4. g3 d5 5. exd5 Nxd5 6. Bg2 Nde7 7. d3 g6 8. Bg5 Bg7 9. Ne4 h6 10. Bf6 0-0 11. Qd2 Bxf6 12. Nxf6+ Kg7 13. Ne4 Nf5 14. h4 Nd6 15. Nc3 Bg4 16. 0-0 Qd7 17. Nd5 Rad8 18. Rfe1 f6 19. Ne3 Bh3 20. Rad1 Bxg2 21. Kxg2 Nf5 22. Nxf5+ Qxf5 23. Qe3 Rd7 24. c3 Re8 25. h5 g5 26. Qe4 Qxe4 27. dxe4 Red8 28. Rxd7+ Rxd7 29. Re2 Na5 30. Nh2 Nc4 31. Ng4 Rd3 32. b3 Nd6 33. c4 a5 34. Ne3 c6 35. f3 Nf7 36. Kf2 Nd6 37. Rb2 b5 38. c5 Nb7 39. Rc2 b4 40. Ke2 Rd7 41. Nf5+ Kh7 42. Rd2 Rxd2+ 43. Kxd2 Nxc5 44. Ne7 g4 45. fxg4 Nxe4+ 46. Kd3 Nf2+ 47. Ke2 Nxg4 48. Nxc6 e4 49. Nxa5 Ne5 50. Nc4 Nd3 51. Ke3 Nc1 52. Kxe4 Nxa2 53. g4 Nc1 54. Na5 Kg7 55. Kd4 Kf7 56. Kc4 f5 57. gxf5 Kf6 58. Kxb4 Kxf5 1/2-1/2

[Event "EU-ch 3rd"]
[Site "Batumi"]
[Date "2002.06.22"]
[Round "10"]
[White "Markowski, Tomasz"]
[Black "Dovliatov, Sanan"]
[Result "1-0"]
[WhiteElo "2538"]
[BlackElo "2318"]
[PlyCount "59"]
[EventDate "2002.06.12"]
[EventType "swiss"]
[EventRounds "13"]
[EventCountry "GEO"]
[SourceTitle "CBM 090"]
[Source "ChessBase"]
[SourceDate "2002.09.20"]
[SourceVersion "1"]
[SourceVersionDate "2002.09.20"]
[SourceQuality "1"]

1. g3 d5 2. Nf3 g6 3. c4 d4 4. Bg2 Bg7 5. 0-0 e5 6. e3 Ne7 7. exd4 exd4 8. d3 0-0 9. b4 Nd7 10. Nbd2 c5 11. Ba3 Nc6 12. b5 Ne7 13. Nb3 b6 14. Nfxd4 Rb8 15. Nf3 Bxa1 16. Qxa1 Bb7 17. d4 cxd4 18. Nfxd4 Bxg2 19. Kxg2 Re8 20. Qc3 Rc8 21. Bb2 Nd5 22. Qf3 Ne7 23. Rd1 Ne5 24. Qe2 Qc7 25. c5 bxc5 26. Nf3 Nxf3 27. Qxf3 Nf5 28. Rd5 Qe7 29. Qc3 Nd4 30. Nxc5 1-0

[Event "EU-ch 3rd"]
[Site "Batumi"]
[Date "2002.06.21"]
[Round "9"]
[White "Dovliatov, Sanan"]
[Black "Chiburdanidze, Maia"]
[Result "1/2-1/2"]
[WhiteElo "2318"]
[BlackElo "2516"]
[PlyCount "42"]
[EventDate "2002.06.12"]
[EventType "swiss"]
[EventRounds "13"]
[EventCountry "GEO"]
[SourceTitle "CBM 090"]
[Source "ChessBase"]
[SourceDate "2002.09.20"]
[SourceVersion "1"]
[SourceVersionDate "2002.09.20"]
[SourceQuality "1"]

1. e4 c6 2. d4 d5 3. Nd2 dxe4 4. Nxe4 Bf5 5. Ng3 Bg6 6. Nh3 Nf6 7. Nf4 e5 8. Nxg6 hxg6 9. Be3 Nbd7 10. Bc4 Bd6 11. 0-0 Qc7 12. Qe2 0-0 13. dxe5 Nxe5 14. Bb3 Neg4 15. Bd4 Rad8 16. Rad1 Rfe8 17. Qf3 Qa5 18. c3 Ne5 19. Qe2 Neg4 20. Qf3 Ne5 21. Qe2 Neg4 1/2-1/2